| 000 | 00536nam a22002057a 4500 | ||
|---|---|---|---|
| 003 | Ost | ||
| 005 | 20260312074339.0 | ||
| 008 | 260312b |||||||| |||| 00| 0 eng d | ||
| 020 | _a9780470714591 | ||
| 040 | _cBT-PhCST | ||
| 050 | _a25741 | ||
| 082 |
_222 _a551.488 _bBEV |
||
| 100 | _a Beven, Keith. | ||
| 245 |
_aRainfall-runoff modelling : _bthe primer / |
||
| 250 | _a2nd ed. | ||
| 260 |
_aIndia : _bJohn Wiley and Sons, _cc2012. |
||
| 300 |
_axxix, 455 p. : _bill. ; _c25 cm. |
||
| 500 | _aIncludes index. | ||
| 942 |
_2ddc _cWRE |
||
| 999 |
_c10189 _d10189 |
||